00860nam a2200229 a 450000100060000000300080000600500170001400800410003103500190007204000330009104100080012408200220013210000310015424502170018525000120040226000430041430000270045750400510048461000320053565000330056770000300060031215BD-RjUL20211209051655.0140413s1950 enk b 001 0 eng d a(BD-RjUL)31302 aDLCcCarPdDLCdBD-RjULbeng aeng00a270bPAH V-7 19501 aPastor, Ludwig,d1854-192814aThe history of the popes, from the close of the middle ages :bdrawn from the secret archives of the Vatican and other original sources /cby Ludwig Pastor, Freiherr von; edited by Ralph Francis Kerr.nVolume VII a3rd ed. aLondon :bKagan Paul ;bTrench,c1950. axlii, 509 p. ;c23 cm. aIncludes bibliographical references and index. aCatholic Church -- History. 0aPapacyxHistory.y1799-1870.1 aKerr, Ralph Francis.eed.